| 000 | 00700nam a2200229Ia 4500 | ||
|---|---|---|---|
| 005 | 20260620112229.0 | ||
| 008 | 131103s9999 xx 000 0 und d | ||
| 020 |
_a521409403 _cRs.395 |
||
| 040 | _aLoreto College | ||
| 041 | _aEnglish | ||
| 082 |
_a940.28 _bTEI |
||
| 245 | 4 |
_aThe Industrial revolution in national context _b Europe and the USA _cedited by Mikulas Teich and Roy Porter |
|
| 260 |
_aCambridge _bCambridge University Press _c1996 |
||
| 300 |
_axxxvi,413 p.. _b ill.,graphs,maps |
||
| 504 | _aIncludes index | ||
| 630 | _aUSA - Modern History | ||
| 650 | _aModern History | ||
| 651 | _aEurope - Modern History | ||
| 700 | _aTeich,Mikulas,ed. | ||
| 850 | _aLCLIB | ||
| 942 | _cBK | ||
| 999 |
_c8777 _d59256 |
||